A reuma a leggyakoribb
Elmentve itt :
| Szerző: | |
|---|---|
| Dokumentumtípus: | Cikk |
| Megjelent: |
1974-01-17
|
| Sorozat: | Délmagyarország
64 No. 13 |
| Online Access: | http://dmarchiv.bibl.u-szeged.hu/97464 |
| LEADER | 00410nab a2200145 i 4500 | ||
|---|---|---|---|
| 001 | delm97464 | ||
| 005 | 20190417081900.0 | ||
| 008 | 190417s1974 hu o 0|| hun d | ||
| 040 | |a SZTE Délmagyarország Archívum |b hun | ||
| 041 | |a hun | ||
| 100 | 1 | |a Mocsár Gábor | |
| 245 | 1 | 2 | |a A reuma a leggyakoribb |h [elektronikus dokumentum] / |c Mocsár Gábor |
| 260 | |c 1974-01-17 | ||
| 300 | |a 5 | ||
| 490 | 0 | |a Délmagyarország |v 64 No. 13 | |